Structural engineering : models and methods for statics, instability and inelasticity / Adnan Ibrahimbegovic, Rosa-Adela Mejia-Nava. (Record no. 22353)

000 -LEADER
fixed length control field 01998nam a2200181 4500
020 ## - INTERNATIONAL STANDARD BOOK NUMBER
ISBN 9783031235924
082 ## - DEWEY DECIMAL CLASSIFICATION NUMBER
Item number Ib14 2023
Classification number 624.171
100 ## - MAIN ENTRY--AUTHOR NAME
Personal name Ibrahimbegovic, Adnam., author.
245 ## - TITLE STATEMENT
Title Structural engineering : models and methods for statics, instability and inelasticity / Adnan Ibrahimbegovic, Rosa-Adela Mejia-Nava.
260 ## - PUBLICATION, DISTRIBUTION, ETC. (IMPRINT)
Place of publication Cham, Switzerland :
Name of publisher Springer Nature,
Year of publication c2023
300 ## - PHYSICAL DESCRIPTION
Number of Pages 1 online resource, xiii, 532 pages :
Other physical details illustrations (some color).
490 ## - SERIES STATEMENT
Series statement Lecture notes in applied and computational mechanics.
500 ## - GENERAL NOTE
General note Includes bibliographical references.
520 ## - SUMMARY, ETC.
Summary, etc This book presents a novel approach to the classical scientific discipline of Structural Engineering, which is inspired by numerous current applications from domains of Civil, Mechanical or Aerospace Engineering. The main goal of this book is to help with making the best choice between accuracy and efficiency, when it comes to building the most suitable structural models by practicing engineers using modern computational tools available in commercial software products (SAP, FEAP, ANSYS …) for which we have carried out many developments that have been become the main reference in the field. Any development of this kind is not a mere modification of discrete approximation, but a thorough treatment with a sound theoretical formulation based upon Hu-Washizu variational principle with independent rotation field, its corresponding regularization and finally the most appropriate finite element interpolation that can match those used for structural elements. Proposed approach allows us to provide a unified discrete approximation of complex structural assemblies and greatly simplify the modeling task for structural engineers. Thus, in conclusion, this book can also be perceived as the theoretical manual for using modern computer models successfully by practicing engineers.
650 ## - SUBJECT ADDED ENTRY--TOPICAL TERM
Topical Term Structural engineering.
700 ## - ADDED ENTRY--PERSONAL NAME
Personal name Mejia-Nava, Rosa-Adela, author.
942 ## - ADDED ENTRY ELEMENTS (KOHA)
Koha item type Electronic Books
Holdings
Source of acquisition Permanent Location Date acquired Collection code Koha item type Lost status Shelving location Withdrawn status Current Location Full call number
DonationCagayan State University - Carig Library2026-04-16E-BooksElectronic Books E-Resource Section Cagayan State University - Carig Library624.171 Ib14 2023

Cagayan State University University Library, Carig Campus
Tuguegarao City, Cagayan 3500 | www.csucarig.edu.ph

Powered by Koha